000
00329nam a22001337a 4500
008
170922b xxu||||| |||| 00| 0 eng d
020
_a
9780787963309
041
_a
eng
080
_a
37
100
_a
46
101
_a
EDU
245
_a
ENHANCING COMMUNITY COLLEGES THORUGH PROFESSIONAL DEVELOPMENT
_c
WATTS,G.E
942
_2
udc
_c
BK
999
_c
28990
_d
28990